| 000 | 00766nam a22002297a 4500 | ||
|---|---|---|---|
| 999 |
_c3797 _d3797 |
||
| 003 | AR-CdUCM | ||
| 008 | 190307b ||||| |||| 00| 0 spa d | ||
| 040 |
_aMUNICIPALIDAD PROVINCIAL DEL CUSCO _cBIBLIOTECA MUNICIPAL DEL CUSCO |
||
| 082 |
_a342.2 / _bOS77 |
||
| 100 |
_aOsgood, Robert E. _912252 |
||
| 245 |
_aLas Alianzas : _bSu funcionamiento Internacional / |
||
| 260 |
_aMexico : _bEditorial Pax, _c1971. |
||
| 300 |
_a211 paginas ; _c20cm. |
||
| 505 | _aContenido: La guerra Fria -- La indole de las alianzas -- Politica norteamericana -- Las alianzas en europa... | ||
| 650 |
_aGuerra _91007 |
||
| 650 |
_aAlianzas _912253 |
||
| 650 |
_aPolitica _9291 |
||
| 650 |
_aSiglo XX _98 |
||
| 700 |
_aMateo, Andrea M _912254 |
||
| 942 |
_2ddc _cLIBROS |
||
| 945 | _apjha | ||